00634nam a22002177a 450000500170000000800410001704000070005824500370006525000290010249000240013152001380015565000110029365000110030465000120031565000110032765000110033865000120034994200120036199900150037395200280038820250519134451.0250519b |||||||| |||| 00| 0 eng d cDO aCelebrations of earth and beyond aSpecial Millennium Issue aNational Geographic aCelebrations of Earth, Life Beyond Earth, Rediscovering America, Tibet Embraces the New Year, The Enigma of Beauty, Light in the Deep xEARTH  xEARTH  xAMERICA xTIBET  xBEAUTY xANIMALS 2ddccCR c5537d5537 aDObDOpDSMSR012000-048